| 000 | 00834nam a2200217Ia 4500 | ||
|---|---|---|---|
| 999 |
_c40290 _d40290 |
||
| 001 | 6898 | ||
| 003 | GE_BSU | ||
| 005 | 20200130150755.0 | ||
| 008 | 181216s1973||||g |||||||||||||| ||geo|| | ||
| 040 | _cGE_BSU | ||
| 041 | _ageo | ||
| 080 | _a821.353.1-1 გ-69 | ||
| 100 |
_aგორგანელი, ვახტანგ. _96511 |
||
| 245 |
_aლექსები ; პოემა / _cვახტანგ გორგანელი ; რედ. დ. ივარდავა. |
||
| 264 |
_aთბილისი : _bსაბჭ.საქართველო, _c1973. |
||
| 300 |
_a397 გვ. : _bფოტო-პორტრეტი ; _c17 სმ. |
||
| 653 | _aლექსები | ||
| 653 | _aპოემა | ||
| 700 |
_aივარდავა, დ. _eრედაქტორი _93755 |
||
| 942 |
_cBK _2udc |
||